Information systems today : Managing in the digital world.
Managing in the Digital World; Fueling Globalization through Information Systems; Valuing Information Systems Investments; Managing the Information Systems Infrastructure; Enabling Commerce Using the Internet; Enhancing Collaboration Using Web 2.0; Securing Information Systems; Enhancing Business In...
Guardat en:
| Autor principal: | |
|---|---|
| Format: | Llibre |
| Idioma: | Undetermined |
| Publicat: |
New Jersey
Prentice Hall
2010
|
| Matèries: | |
| Etiquetes: |
Afegir etiqueta
Sense etiquetes, Sigues el primer a etiquetar aquest registre!
|
| Thư viện lưu trữ: | Trung tâm Học liệu Trường Đại học Cần Thơ |
|---|
| LEADER | 01193nam a2200229Ia 4500 | ||
|---|---|---|---|
| 001 | CTU_181097 | ||
| 008 | 210402s9999 xx 000 0 und d | ||
| 020 | |c 1349000 | ||
| 082 | |a 658.4038011 | ||
| 082 | |b V135 | ||
| 100 | |a Valacich, Joseph S | ||
| 245 | 0 | |a Information systems today : | |
| 245 | 0 | |b Managing in the digital world. | |
| 245 | 0 | |c Joe Valacich, Christoph Schneider | |
| 260 | |a New Jersey | ||
| 260 | |b Prentice Hall | ||
| 260 | |c 2010 | ||
| 520 | |a Managing in the Digital World; Fueling Globalization through Information Systems; Valuing Information Systems Investments; Managing the Information Systems Infrastructure; Enabling Commerce Using the Internet; Enhancing Collaboration Using Web 2.0; Securing Information Systems; Enhancing Business Intelligence Using Information Systems; Building Organizational Partnerships Using Enterprise Information Systems; Developing and Acquiring Information Systems; Managing Information Systems Ethics and Crime | ||
| 650 | |a Information technology,Information storage and retrieval systems,Công nghệ thông tin | ||
| 650 | |x Business | ||
| 904 | |i Tuyến | ||
| 980 | |a Trung tâm Học liệu Trường Đại học Cần Thơ | ||